50 cognoms més comuns de Gandia - Estadísticas

Estadísticas generales
  • Esta prueba ha sido intentada 9 veces
  • La puntuación promedio es 20 de 50
Estadísticas de respuestas
Freqüència Cognom % Correcto
3.564 García
100%
1.191 Martí
100%
430 Martín
100%
565 Hernández
86%
651 Jiménez
86%
1.589 López
86%
2.858 Martínez
86%
1.949 Pérez
86%
1.429 Fernández
71%
1.464 González
71%
1.309 Rodríguez
71%
1.445 Sánchez
71%
571 Díaz
57%
783 Ferrer
57%
958 Gómez
57%
820 Navarro
57%
422 Soler
57%
605 Torres
57%
416 Castelló
43%
607 Ruiz
43%
491 Sanchis
43%
637 Aparisi
29%
599 Faus
29%
545 Gregori
29%
379 Llopis
29%
384 Lloret
29%
706 Miñana
29%
359 Molina
29%
880 Morant
29%
918 Moreno
29%
412 Puig
29%
345 Serrano
29%
353 Álvarez
14%
345 Bertó
14%
617 Climent
14%
1.083 Escrivà
14%
677 Estruch
14%
558 Fuster
14%
424 Mascarell
14%
443 Moncho
14%
792 Muñoz
14%
345 Pascual
14%
703 Romero
14%
573 Bañuls
0%
398 Camarena
0%
530 Català
0%
899 Peiró
0%
391 Pellicer
0%
412 Ramírez
0%
598 Vidal
0%
No se encontraron pruebas coincidentes
Distribución de puntuación
Porcentaje de gente con cada puntuación
Porcentaje por número respondido
Historial de tus puntuaciones
No has intentado esta prueba.